Album - Entergalactic by Kid Cudi - Statistics

General Stats
  • This quiz has been taken 4 times
  • The average score is 8 of 15
Answer Stats
Songs % Correct
7 (ft. Ty Dolla $ign) Willing To Trust
100%
11 (ft. Ty Dolla $ign) Can't Shake Her
75%
3 Do What I Want
75%
2 New Mode
75%
15 (ft. Don Toliver, Steve Aoki, Dot Da Genius) Burrow
50%
8 (ft. 2 Chainz) Can't Believe It
50%
1 Entergalactic Theme
50%
5 Ignite The Love
50%
6 In Love
50%
9 Livin' My Truth
50%
13 My Drug
50%
12 She's Lookin For Me
50%
14 (ft. Don Toliver) Somewhere To Fly
50%
4 Angel
25%
10 Maybe So
25%
No matching quizzes found
Score Distribution
Percent of People with Each Score
Percentile by Number Answered
Your Score History
You have not taken this quiz